• 首页
  • 本馆介绍
  • 公告通知
  • 最新文献
  • 馆藏检索
  • 电子资源
  • 读者导购
  • 参考咨询
  • 我的图书馆
  • 登录
  • 详细信息显示
  • 放入我的书架
  • 预约/预借图书
  • 作者相关作品
  • 分类相关作品
  • 丛书相关作品
  • 出版社相关作品

书目信息

  • 表格格式
  • 工作单格式
  • 卡片格式
题名:
但为君故吟至今
    
 
作者: 兰泊宁 著
分册:  
出版信息: 北京   团结出版社  2016
页数: 225页
开本: 24cm
丛书名:
单 册:
中图分类: I207.227.42 , I207.227.44
科图分类:
主题词: 唐诗--tang shi--诗歌欣赏--中国 , 宋诗--song shi--诗歌欣赏--中国
电子资源:
ISBN: 978-7-5126-4050-4
000 01001nam0 22002651 450
001 0109172454
005 20170309172454.0
010    @a978-7-5126-4050-4@dCNY32.00
100    @a20160809d2016 em y0chiy50 ea
101 0  @achi
102    @aCN@b110000
105    @ay z 000yy
106    @ar
200 1  @a但为君故吟至今@9dan wei jun gu yin zhi jin@e唐风宋韵里的暖男情怀@f兰泊宁著
210    @a北京@c团结出版社@d2016
215    @a225页@d24cm
330    @a本书以唯美的意境、细腻的笔触解析唐诗宋词,并以诚挚的心灵、深沉的刻画,将唐诗宋词中蕴含的若干段跌宕起伏、可歌可泣的经典情感故事和与之相关的那些著名诗人词人的生平,以美文形式呈现。
517 1  @a唐风宋韵里的暖男情怀@9tang feng song yun li de nuan nan qing huai
606 0  @a唐诗@9tang shi@x诗歌欣赏@y中国
606 0  @a宋诗@9song shi@x诗歌欣赏@y中国
690    @aI207.227.42@v5
690    @aI207.227.44@v5
701  0 @a兰泊宁@9lan bo ning@c(女,@f1971~)@4著
801  0 @aCN@bTANGWEI@c20170308
905    @b0953872-5@dI207.227.42@e929@f4
    
    但为君故吟至今:唐风宋韵里的暖男情怀/兰泊宁著.-北京:团结出版社,2016
    225页;24cm
    
    
    ISBN 978-7-5126-4050-4:CNY32.00
    本书以唯美的意境、细腻的笔触解析唐诗宋词,并以诚挚的心灵、深沉的刻画,将唐诗宋词中蕴含的若干段跌宕起伏、可歌可泣的经典情感故事和与之相关的那些著名诗人词人的生平,以美文形式呈现。
●
相关链接 在E读中查询图书 在五车中查询图书 在当当中查询图书 在豆瓣中查询图书


正题名:但为君故吟至今     索取号:I207.227.42/929         预约/预借

序号 登录号 条形码 馆藏地/架位号 状态 备注
1 0953872   209538721   第一样本阅览室/ [索取号:I207.227.42/929] 在馆    
2 0953873   209538730   第二借阅区/ [索取号:I207.227.42/929] 在馆    
3 0953874   209538749   第二借阅区/ [索取号:I207.227.42/929] 在馆    
4 0953875   209538758   密集书库-文学院/ [索取号:I207.227.42/929] 在馆    
唐山师范学院图书馆 欢迎您!
大连网信软件有限公司© 版权所有